000 00890nam a22002537a 4500
005 20080616170335.0
008 080616t xxu||||| |||| 00| 0 eng d
010 _aENG-90328
020 _a8189975128
_c395.00
035 _aEN-73861
037 _bDBAD / PUB
040 _aDPL
_bEN
082 _a659.1
100 _aDupont, Luc
245 _a1001 advertising tips /
_cby Luc Dupont; translated by Josh Wallace
246 _a(One thousand one) advertising tips /
260 _aNew Delhi
_bWestland Books
_c2006
270 _bNew Delhi
_e110020
300 _a341p.:
_c25 cm (pbk)
_bcol., b&w photos
500 _aIncludes index
700 _aWallace, Josh
942 _cEN
_h659.1
_2ddc
_mDUP
999 _c13719
_d13719